La economía del bien común : un modelo económico que supera la dicotomía entre capitalismo y comunismo para maximizar el bienestar de nuestra sociedad /

محفوظ في:
التفاصيل البيبلوغرافية
المؤلف الرئيسي: Felber, Christian (autor)
مؤلفون آخرون: Mayor Zaragoza, Federico (prólogo) (prólogo), Camps, Victoria (prólogo) (prólogo)
التنسيق: كتاب
اللغة:الإسبانية
منشور في: Barcelona, España : Deusto, 2015, c2015
الموضوعات:
الوسوم: إضافة وسم
لا توجد وسوم, كن أول من يضع وسما على هذه التسجيلة!

MARC

LEADER 00000nam^a2200000^a^4500
001 000400639
005 20250521000000.0
009 20260310121625.211
020 |a 978-84-234-2089-6 
037 |a Acervo ITESO - Biblioteca 
041 |a ESP 
082 |a 330. 1  |b FEL 
100 |a Felber, Christian  |e (autor) 
245 1 3 |a La economía del bien común :  |b un modelo económico que supera la dicotomía entre capitalismo y comunismo para maximizar el bienestar de nuestra sociedad /  |c C. Felber ; pról. de F. Mayor Zaragoza, V. Camps ; tr. por Silvia Yusta. 
264 4 |a Barcelona, España :  |b Deusto,  |c 2015, c2015 
300 |a 331 p. 
336 |a texto  |b txt  |2 rdacontenido 
337 |a sin mediación  |b n  |2 rdamedio 
338 |a volumen  |b nc  |2 rdasoporte 
500 |a Traducción de: Die Gemeinwohl-Okonomie 
521 |a Peticiones 2018 
649 |a XX 
650 |a Bien Común -  |x Aspectos Económicos -  |x Tema Principal 
650 |a Democracia 
650 |a Desarrollo Económico-Social 
650 |a Economía Social 
650 |a Economía Política 
650 |a Economía -  |x Aspectos Eticos 
650 |a Economía -  |x Teoría 
700 |a Mayor Zaragoza, Federico  |e (prólogo) 
700 |a Camps, Victoria  |e (prólogo) 
910 |a Fondo General 
920 |a Impresos - Libros 
930 |a Colección General 
905 |a 101 
901 |a 0500295906  |b IT1  |c ACC  |i c158518  |u 20250521 
902 |a https://opac.biblio.iteso.mx/vufind/Record/000400639